| 000 | 00738nab a22002297a 4500 | ||
|---|---|---|---|
| 001 | 07628 | ||
| 003 | HDC | ||
| 007 | cr bn ---aaaaa | ||
| 008 | 210128c20170517my ||||| |||| 00| 0 may d | ||
| 040 | _aHDC | ||
| 245 | 0 | _aKewangan Islam raih manfaat daripada teknologi | |
| 336 |
_atext _2rdacontent |
||
| 337 |
_acomputer _2rdamedia |
||
| 338 |
_aonline resource _2rdacarrier |
||
| 650 |
_aBanks and banking _xReligious aspects _xIslam _9262 |
||
| 650 |
_aTechnology _94714 |
||
| 710 | _aBerita Harian | ||
| 856 | _zRequest full-text at [email protected] | ||
| 942 | _2lcc | ||
| 942 | _cNEWS | ||
| 942 | _kNWSC 002030 | ||
| 999 |
_c4951 _d4951 |
||